Lékařské zprávy Lékařské fakulty Karlovy university v Hradci Králové

Bibliographic Details
Format: Serial
Language:English
Published: Praha Státní pedagogické nakladatelství

MARC

LEADER 00000nas a2200000 a 4500
001 vtls010458847
003 SK-MaSNL
005 20260221115345.0
008 121011c mr1 0 0eng d
040 |a SNK  |b slo  |c SNK 
245 0 0 |a Lékařské zprávy Lékařské fakulty Karlovy university v Hradci Králové 
260 |a Praha  |b Státní pedagogické nakladatelství 
500 |a Popis podľa : Roč. 15, č. 1 - 10, rok 1970 
910 |a snk 
999 |c 4606  |d 6536 
952 |0 0  |1 1  |4 0  |7 0  |a SNK  |b SNK  |d 2012-10-11  |i snkČIP 867/71  |l 0  |o snkČC 1836/15/1970  |p 17A1053006  |r 2026-02-21 20:41:01  |w 2026-02-21  |y PREZ